Регионална библиотека "Любен Каравелов" - Русе

Пътеводител в древния свят (Запис номер 130910)

MARC детайли
000 -Лидер
Контролно поле с фиксирана дължина 01481nam a2200397 c 4500
003 - Код на организацията, давaща контролен номер
Контролно поле BLK
005 - Дата и час на последна редакция
Контролно поле 20250125114156.0
008 - Елементи от данни с фиксирана дължина
fixed length control field 180409b bul|||||r ||||||| ||bul||
010 ## - Наследен системен номер
LC control number KNG00136706000
020 ## - Международен стандартен номер на книга ISBN
Международен стандартен номер на книга ISBN 978-954-01-2672-2
-- издат.: Просвета
040 ## - Източник на каталожния запис
Идентификатор на билиотеката - собственик на записа BLK
041 ## - Код за език
Код за езика на текст/звукозапис или на отделно заглавие Български
Код за езика КДБФ Български
072 #7 - Код за тематичната категория
Код организация bullib
Код за тематична категория Н92
Текст История Н
080 ## - УДК
Текстов определител УДК Стара и антична история
УДК код - определител по УДК 931
УДК определител :087.5(036)
УДК - код + определител 931:087.5(036)
100 1# - Редна дума - Автор
Автор Симс, Лесли
Авторска отговорност първи автор
R(LIN) 378177
139 ## - Редно поле
Редна дума Симс, Лесли
Авторски знак Сим - С 37
245 10 - Сведения за заглавието
Заглавие Пътеводител в древния свят
Редно поле (дума) Лесли Симс; ил. Ема Дод; прев. Константин Николаев Цанков.
257 ## - Страна на издаване
Страна на създаване/издаване Великобритания
260 ## - Област на издателските данни
-- София
Име на издателя, разпространителя и проч. Просвета
Година на издаване 2012
Печатница София : Д. Благоев
300 ## - Физическа характеристика
Страници 204 с.
Илюстрации и др. с цв. ил.
Размери/Мащаб 24 см
380 ## - Жанр
Жанр Детска отраслова лит.
500 ## - Общи забележки
Забележка Азб. показалец
650 #4 - Допълнително описание по предмет – тема
Основно описание – тема или топоним История, стара
9 (RLIN) 245372
653 ## - Ключова дума – ненормативна
Ключова дума древен свят
653 ## - Ключова дума – ненормативна
Ключова дума пътеводители
653 ## - Ключова дума – ненормативна
Ключова дума детска литература
659 ## - Тематичен бюлетин
Тематичен бюлетин Н
700 1# - Други автори (авторска отговорност)
Лично име Дод, Ема
Автороска отговорност (Описва отношението между автора и произведението) ил.
9 (RLIN) 322476
700 1# - Други автори (авторска отговорност)
Лично име Цанков, Константин Николаев
Автороска отговорност (Описва отношението между автора и произведението) прев.
9 (RLIN) 372242
852 ## - Местоположение
Форматна сигнатура Цб 257247
856 4# - Електронен адрес и достъп
Електронен формат pdf - файл
Път до файла /url/
856 4# - Електронен адрес и достъп
Електронен формат pdf - файл
Път до файла /url/
942 ## - АРТИКУЛИ
Вид на библиотечния материал Книги
Скрит в OPAC Не
Koha issues (borrowed), all copies 13
944 ## - СЪЗДАВАНЕ И РЕДАКЦИЯ на ЗАПИСА
Създаване/Редакция Създаване
Дата на регистрацията/редакция 03.04.2007
Служител, извършил регистрацията/редакцията 30550
Статус, дата на статуса Кети Илиева
944 ## - СЪЗДАВАНЕ И РЕДАКЦИЯ на ЗАПИСА
Създаване/Редакция Редакция
Дата на регистрацията/редакция 21.11.2013
Служител, извършил регистрацията/редакцията
999 ## - СИСТЕМНИ КОНТРОЛНИ НОМЕРА
Koha biblionumber 130910
Koha biblioitemnumber 130910
Наличности
Код за отписване Код за изгубен артикул Източник на класификационната схема Код за повреда Коз за рестрикции Код за отдаване Артикулен № Име на библиотеката - собственик Име на библиотеката, в която се намира в момента Статус (Текущо местоположение) Дата на вписване в системата Местоположение - отдел Цена в лева Инвентарен номер Систематично азбучна сигнатура Баркод Номер на екземпляра Цена в евро Служебна бележка Служебен тип на артикула
  Не е изгубен Universal Decimal Classification Не е повреден без рестрикции заемане за дома 213290 Регионална библиотека "Любен Каравелов" Русе Регионална библиотека "Любен Каравелов" Русе Детски отдел 2012-11-26 Детски отдел 19.00 120000761654 ДН 94(3) /С 37 120000761654 1 9.71 Дост: Pk Вид: Ф N: 322 Дата: 19.11.2012 Дата инв: 25.08.2015 Бележки инв: Д2015 Книги
  Не е изгубен   Не е повреден без рестрикции ползва се в читалня 213291 Регионална библиотека "Любен Каравелов" Русе Регионална библиотека "Любен Каравелов" Русе Хранилище 2013-11-20 Хранилище 19.00 120000771859 Цб 257247 120000771859 2 9.71 Дост: Dp Вид: Д N: 45 Дата: 07.11.2012 Книги
Vip Innovations Ltd, Rousse, Bulgaria 2025